000 00306nam a2200133Ia 4500
005 20251222175931.0
008 251222s9999||||xx |||||||||||||| ||spa||
020 _a8440017790
082 _a320.944/C24
245 0 _aLas Empresas y la Izquierda
250 _a1ra.ed.
264 _bCambio 16
942 _cLIB
999 _c41051
_d41051